Nové komunikačné technológie a nové vkladové produkty v komerčných bankách na Slovensku
Bezkontaktné platobné karty. Viacúčelová predplatná karta. Optické platobné karty a biometrické bankomaty. Vkladové produkty. Cash pooling. Inteligentné sporenie.
Guardado en:
| Autor principal: | |
|---|---|
| Otros Autores: | |
| Formato: | Capítulo de libro |
| Lenguaje: | eslovaco |
| Materias: | |
| Etiquetas: |
Sin Etiquetas, Sea el primero en etiquetar este registro!
|
MARC
| LEADER | 00000nla a2200000 4500 | ||
|---|---|---|---|
| 001 | 0163139 | ||
| 005 | 20240502072829.1 | ||
| 041 | 0 | |a slo | |
| 044 | |a SK | ||
| 245 | 1 | 0 | |a Nové komunikačné technológie a nové vkladové produkty v komerčných bankách na Slovensku |c Barbara Napolitano, Daniela Tkáčová |
| 520 | |a Bezkontaktné platobné karty. Viacúčelová predplatná karta. Optické platobné karty a biometrické bankomaty. Vkladové produkty. Cash pooling. Inteligentné sporenie. | ||
| 610 | 2 | 0 | |a karty platobné |
| 610 | 2 | 0 | |a Slovensko |
| 610 | 2 | 0 | |a služby bankové |
| 610 | 2 | 0 | |a technológie informačné |
| 610 | 2 | 0 | |a technológie komunikačné |
| 610 | 2 | 0 | |a banky obchodné |
| 100 | 1 | |a Napolitano, Barbara | |
| 700 | 1 | |a Tkáčová, Daniela, 1954- | |